000 00637nam a22002417a 4500
003 UA-OsUOA
001 98362
007 ta
008 20130415b un ||||| |||| 00| 0 ukr d
100 _aПрус Б
090 _a821.161.2
_bП85
942 _cBK
040 _aUA-OsUOA
_bukr
_cUA-OsUOA
_dUA-OsUOA
245 _aТвори в п'яти томах
_b4
_cЛялька. Роман
300 _a397 с.
955 _a3
041 _aukr
080 _a821.161.2
260 _aК.
_bДніпро
_c1978
246 3 1 _aКн. 2
_n
650 7 _a82 Література. Літературознавство
_2UDC
999 _c384948
_d384948